Sports Quiz

Random Sports Quiz
Score 0/110 Timer 08:00
0 Plays Today
Year Player % Correct
2012Calvin Johnson
100%
2011Calvin Johnson
100%
2010Calvin Johnson
100%
2008Calvin Johnson
100%
2012Andre Johnson
99.8%
2010Andre Johnson
99.8%
2010Steve Johnson
99.8%
2009Andre Johnson
99.8%
2008Andre Johnson
99.8%
2007Chad Johnson
99.8%
2006Chad Johnson
99.8%
2005Chad Johnson
99.8%
2004Chad Johnson
99.8%
2003Chad Johnson
99.8%
2011Larry Fitzgerald
98.4%
2009Larry Fitzgerald
98.4%
2008Larry Fitzgerald
98.4%
2007Larry Fitzgerald
98.4%
2005Larry Fitzgerald
98.4%
2012Dez Bryant
97.5%
2011Steve Smith
97.5%
2008Steve Smith
97.5%
2006Steve Smith
97.5%
2005Steve Smith
97.5%
2012Julio Jones
97.2%
2012Roddy White
97.2%
2011Roddy White
97.2%
2010Roddy White
97.2%
2009Roddy White
97.2%
2008Roddy White
97.2%
2008Antonio Bryant
97%
2012Vincent Jackson
96.8%
2011Vincent Jackson
96.8%
2009DeSean Jackson
96.8%
2009Vincent Jackson
96.8%
2003Darrell Jackson
96.8%
2012Brandon Marshall
96.6%
Year Player % Correct
2009Randy Moss
96.6%
2009Brandon Marshall
96.6%
2007Brandon Marshall
96.6%
2011Wes Welker
96.3%
2008Randy Moss
96.3%
2007Randy Moss
96.3%
2006Wes Welker
96.3%
2005Santana Moss
96.3%
2003Randy Moss
96.3%
2003Santana Moss
96.3%
2002Randy Moss
96.3%
2012A.J. Green
96.1%
2010Reggie Wayne
95.9%
2009Reggie Wayne
95.9%
2007Reggie Wayne
95.9%
2006Reggie Wayne
95.9%
2004Reggie Wayne
95.9%
2006Marvin Harrison
94.3%
2005Marvin Harrison
94.3%
2004Marvin Harrison
94.3%
2003Marvin Harrison
94.3%
2002Marvin Harrison
94.3%
2011Victor Cruz
93.6%
2012Demaryius Thomas
92.2%
2011Jordy Nelson
91%
2010Greg Jennings
90.8%
2008Greg Jennings
90.8%
2008Terrell Owens
90.8%
2007Terrell Owens
90.8%
2006Terrell Owens
90.8%
2004Terrell Owens
90.8%
2002Terrell Owens
90.8%
2006Torry Holt
89.2%
2005Torry Holt
89.2%
2004Torry Holt
89.2%
2003Torry Holt
89.2%
2008Anquan Boldin
87.8%
Year Player % Correct
2005Anquan Boldin
87.8%
2005Hines Ward
87.8%
2003Anquan Boldin
87.8%
2003Hines Ward
87.8%
2002Hines Ward
87.8%
2011Mike Wallace
87.6%
2010Mike Wallace
87.6%
2009Miles Austin
87.4%
2012Eric Decker
87.1%
2010Dwayne Bowe
86.9%
2006Donald Driver
84.6%
2004Donald Driver
84.6%
2002Donald Driver
84.6%
2010Hakeem Nicks
83.2%
2011Percy Harvin
81.6%
2004Mushin Muhammad
80.2%
2007Marques Colston
80%
2004Joe Horn
80%
2002Joe Horn
80%
2007Braylon Edwards
75.4%
2009Sidney Rice
75.2%
2007T.J. Houshmandzadeh
72.9%
2007Plaxico Burress
72.6%
2002Plaxico Burress
72.6%
2010Brandon Lloyd
71%
2002Amani Toomer
70.6%
2006Roy Williams
68.7%
2006Lee Evans
65.5%
2002Eric Moulds
62.5%
2003Derrick Mason
56.6%
2005Joey Galloway
48.3%
2004Javon Walker
44.4%
2005Chris Chambers
43.9%
2002Peerless Price
38.4%
2003Keenan McCardell
28.7%
2004Drew Bennett
28.3%
Remove Ads.
Support Sporcle.
Get the best of Sporcle when you Go Orange. This ad-free experience offers more features, more stats, and more fun while also helping to support Sporcle. Thank you for becoming a member.

You're not logged in!

Compare scores with friends on all Sporcle quizzes.
OR
Log In

Show Comments

Extras

Created Dec 31, 2012ReportNominate
Tags:Fantasy, Player, team, WRS

Top Quizzes Today


Score Distribution

Your Account Isn't Verified!

In order to create a playlist on Sporcle, you need to verify the email address you used during registration. Go to your Sporcle Settings to finish the process.

Report this User

Report this user for behavior that violates our Community Guidelines.

Details: